Waste research proposals (Record no. 118432)

MARC details
000 -LEADER
fixed length control field 00889cam a2200193 4500
001 - CONTROL NUMBER
control field WB@3612-889
008 - FIXED-LENGTH DATA ELEMENTS--GENERAL INFORMATION
fixed length control field 041209n2004 000 0 eng u
035 ## - SYSTEM CONTROL NUMBER
System control number (Sirsi) u128268
245 ## - TITLE STATEMENT
Title Waste research proposals
260 ## - PUBLICATION, DISTRIBUTION, ETC.
Date of publication, distribution, etc. 2004
490 ## - SERIES STATEMENT
Series statement DEFRA News Release
Volume/sequential designation (499/04) 6 December 2004 (2)
520 ## - SUMMARY, ETC.
Summary, etc. DEFRA has launched a call for research proposals. The programme areas selected are drawn from six of eight theme areas identified in DEFRA's three year waste and resources research programme. These areas are: sustainable resource consumption and management, systems for resource recovery, social dimension, environment and health, economics and decision tools. More information is available at: http://www.defra.gov.uk.
590 ## - LOCAL NOTE (RLIN)
Local note WB
590 ## - LOCAL NOTE (RLIN)
Local note WB
650 ## - SUBJECT ADDED ENTRY--TOPICAL TERM
Topical term or geographic name entry element WASTE MANAGEMENT PLANS
650 ## - SUBJECT ADDED ENTRY--TOPICAL TERM
Topical term or geographic name entry element WASTE PLANNING
690 ## - LOCAL SUBJECT ADDED ENTRY--TOPICAL TERM (OCLC, RLIN)
Topical term or geographic name as entry element WASTE MANAGEMENT
942 ## - ADDED ENTRY ELEMENTS (KOHA)
Suppress in OPAC 0
Holdings
Withdrawn status Lost status Source of classification or shelving scheme Damaged status Not for loan Home library Current library Shelving location Date acquired Total Checkouts Full call number Barcode Date last seen Copy number Price effective from Koha item type
    Dewey Decimal Classification     London London News article 09/12/2004   WB4047-16 128268-1001 06/08/2019 1 06/08/2019 News article